000 00542nam a2200205Ia 4500
003 0100
005 20150827095116.0
008 130303s9999 xx 000 0 und d
040 _cARRUPELIB
050 _aB2918.E5W3 1971
100 _aHegel, Georg Wilhelm Friedrich
_911193
245 _aHegel's philosophy of mind
260 _aOxford
260 _bClarendon Press
_c1971
300 _a320p.
300 _b 21cm
650 _bSlums-fiction
_918919
700 _aWallace, William...et al (tr.)
_918920
942 _2lcc
_01
_cMONOGRAPH
999 _c64810
_d64810